Statistiques concernant Focus sur: Hildibrand Touque - Tolkien

Cliquez ici pour prendre le quiz!

Statistiques générales

  • Ce quiz a été pris 2 fois
  • Le résultat moyen est 13 sur 20

Statistiques - réponses

Informations recherchéesRéponses% Correct
Belladonna Touque
100%
VillesBourg-de-Touque
100%
ContréeComté
100%
EspèceHobbit
100%
Isambard Touque
100%
FrèresIsengrim Touque
100%
Première mentionLe Seigneur des Anneaux: La Communauté de l'Anneau
100%
SœursMirabella Touque
100%
Autre traduction du nomTouc
100%
Age durant lequel il vécutTroisième
100%
MèreAdamanta Fouineur
50%
PèreGerontius Touque
50%
Hildigard Touque
50%
Isembold Touque
50%
Isengard Touque
50%
Hildibrand Touque
0%
Hildifons Touque
0%
Hildigrim Touque
0%
Isumbras Touque
0%
FilsSigismond Touque
0%

Distribution des résultats

Percentile par nombre de réponses

% des personnes avec chaque résultat

Votre développement - résultats

Vous n’avez pas pris ce quiz